Padre Pío de Pietrelcina : (Record no. 4570)
[ view plain ]
| 000 -CABECERA | |
|---|---|
| campo de control de longitud fija | 00552nam a2200169 a 4500 |
| 001 - NÚMERO DE CONTROL | |
| campo de control | 000004764 |
| 005 - FECHA Y HORA DE LA ÚLTIMA TRANSACCIÓN | |
| campo de control | 20200929151511.0 |
| 008 - DATOS DE LONGITUD FIJA--INFORMACIÓN GENERAL | |
| campo de control de longitud fija | 090727s1984 it a 000 0 spa d |
| 040 ## - FUENTE DE LA CATALOGACIÓN | |
| Centro catalogador/agencia de origen | DO-SdBNP |
| 082 ## - NÚMERO DE LA CLASIFICACIÓN DECIMAL DEWEY | |
| Número de clasificación | xxxx |
| Número de documento/Ítem | R588p |
| 049 ## - FONDOS LOCALES (OCLC) | |
| Fondos de biblioteca | BNPD |
| 100 1# - ENTRADA PRINCIPAL--NOMBRE DE PERSONA | |
| Nombre de persona | Ripabottoni, Alejandro de |
| 9 (RLIN) | 13834 |
| 245 10 - MENCIÓN DE TÍTULO | |
| Título | Padre Pío de Pietrelcina : |
| Resto del título | perfíl biográfico / |
| Mención de responsabilidad, etc. | Alejandro de Ripabottoni ; traducción Pelayo de Zamayón. |
| 260 ## - PUBLICACIÓN, DISTRIBUCIÓN, ETC. | |
| Lugar de publicación, distribución, etc. | Foggia, Italia : |
| Nombre del editor, distribuidor, etc. | GRAFSUD-LEONE, |
| Fecha de publicación, distribución, etc. | 1984. |
| 300 ## - DESCRIPCIÓN FÍSICA | |
| Extensión | 177 p. : |
| Otras características físicas | il. ; |
| Dimensiones | 17 cm. |
| 700 1# - PUNTO DE ACCESO ADICIONAL--NOMBRE DE PERSONA | |
| Nombre de persona | Zamayón, Pelayo de, |
| Término indicativo de función/relación | tr. |
| 9 (RLIN) | 13835 |
| Estado de retiro | Estado de pérdida | Restricciones de uso | No para préstamo | Código de colección | Localización permanente | Ubicación/localización actual | Ubicación en estantería | Fecha de adquisición | Número de inventario | Total de préstamos | Signatura topográfica completa | Código de barras | Fecha visto por última vez | Precio válido a partir de | Tipo de ítem Koha |
|---|---|---|---|---|---|---|---|---|---|---|---|---|---|---|---|
| Monografías: Libros y Folletos | General | General | En catalogación | 27.07.2009 | LF1 | xxxx R588p | 4764-10 | 25.06.2020 | 25.06.2020 | Préstamo en sala |
